000 00742nam a2200229Ia 4500
003 GCL
008 140319s9999 xx 000 0 ara d
020 _a6504301977
040 _aGCL /
_cGCL
082 0 4 _a001.5
_bس ب
100 1 _aسهير جاد
245 1 0 _aالبرامج الثقافية والاعلام الاذاعى /
_cسهير جاد
250 _aالاولى
260 _aالقاهرة :
_bالهيئة المصرية العامة للكتاب ،
_c1997
300 _a250 ص ؛
_c24 سم
650 0 4 _aالاعلام
650 0 4 _aوسائل الاعلام
650 0 4 _aبرامج الاذاعة
650 0 4 _aالاتصال - علم اجتماع
650 0 4 _aالانتاج الاذاعى
942 _2ddc
_cBK
999 _c49983
_d49983